Không sợ toán học
Đã lưu trong:
| 主要作者: | |
|---|---|
| 其他作者: | |
| 格式: | 圖書 |
| 語言: | Vietnamese |
| 出版: |
Kom Tum
Đại học sư phạm Qui Nhơn
1988
|
| 主題: | |
| 標簽: |
添加標簽
沒有標簽, 成為第一個標記此記錄!
|
| Thư viện lưu trữ: | Trung tâm Học liệu Lê Vũ Hùng, Trường Đại học Đồng Tháp |
|---|
| LEADER | 00758pam a22002298a 4500 | ||
|---|---|---|---|
| 001 | 00024836 | ||
| 005 | 20171026081022.0 | ||
| 008 | 110724s1988 ||||||viesd | ||
| 041 | 0 | # | |a vie |
| 082 | 1 | # | |a 510 |b KH455S |
| 100 | 1 | # | |a Sedlacek, Jiri |
| 245 | 1 | 0 | |a Không sợ toán học |c Jiri Sedlacek; Nguyễn Mậu Vị dịch |
| 260 | # | # | |a Kom Tum |b Đại học sư phạm Qui Nhơn |c 1988 |
| 300 | # | # | |a 183tr. |b hình vẽ |c 19 cm. |
| 650 | |a Giải trí | ||
| 650 | |a Toán học | ||
| 650 | |a Sách đọc thêm | ||
| 700 | 1 | # | |a Nguyễn Mậu Vị |e dịch |
| 852 | # | # | |j KD.0010305 |
| 852 | # | # | |b Kho đọc |j KD.0010305 |
| 910 | # | # | |a ntuyet |d 24/07/2011 |
| 980 | # | # | |a Trung tâm Học liệu Lê Vũ Hùng, Trường Đại học Đồng Tháp |